01109cam a2200277 a 450000500170000000800410001702000150005804000500007304100130012310000230013624501320015925000100029126000820030130000590038350000210044253400610046365000340052465000330055865000310059165000490062265000430067165000310071470000290074570000280077470000290080220211105120805.0151117s1999 mx ad fr 001 0 spa d a9701702646 aCO-BoUCMbspacSandra PalaciodSandra Palacio1 aspaheng1 aWalpole, Ronald E.10aProbabilidad y estadística para ingenieroscRonald E. Walpole, Raymond H. Myers y Sharon L. Myers ; traducción Ricardo Cruz a6a ed aNaucalpan de Juarez (Ciudad de México, México)bPearson Educaciónc1999 axii, 739 páginasbilustraciones, gráficas y tablas aIncluye índice tProbability and statistics for engineers and scientists. 7aProbabilidades xIngeniería 7aEstadística xIngeniería 7aVariables (Estadística)  7aDistribución (Teoría de probabilidades)  7aIngenieríavMétodos estadísticos 7aEstadística matemática1 aMyers, Raymond H.d1937-1 aMyers, Sharon L.d1944-1 aCruz, Ricardoetraductor